000 00908nas a2200301 4500
001 BR2015000907
003 BR-BrBNA
005 20231205125025.0
007 ta
008 230509b bl.|||p| |||| 00| 00por d
040 _aBR-BrBNA
_bpor
_cBiblioteca Nacional de Agricultura
041 _a(Pt)
072 _aQ04
100 1 _aMouchrek Filho, V.E.
100 1 _aPadilha, L.L.
100 1 _aEverton, P.C.
100 1 _aMarinho, S.C.
100 1 _aSousa, D.A. de
100 1 _aOliveira, R.W.S. de
245 1 _aEstudo analítico do teor de sódio em bebidas carbonatadas por fotometria de chama
650 _aREFRIGERANTE
650 _aSÓDIO
650 _aCOMPOSIÇÃO QUÍMICA
650 _aCONSUMIDOR
773 0 _tHigiene Alimentar (Brazil)
_xISSN 0101-9171
_g(Jan-Feb 2014), v. 28(228-229) p. 193-197
_wBR2015000907
909 _a202311
_bLúcia
_c55
_dLúcia Elande
942 _2AGRIS
_n0
_cANA
999 _c242193
_d242193